ARRUPE JESUIT UNIVERSITY

CORONAVIRUS -STOP THE SPREAD - CLEAN,DISINFECT,COVER

A Shared Vision (Record no. 120663)

MARC details
000 -LEADER
fixed length control field 00476nam a22001457a 4500
008 - FIXED-LENGTH DATA ELEMENTS--GENERAL INFORMATION
fixed length control field 140606b xxu||||| |||| 00| 0 eng d
020 ## - INTERNATIONAL STANDARD BOOK NUMBER
International Standard Book Number 9780715148150
050 ## - LIBRARY OF CONGRESS CALL NUMBER
Classification number LC368.L289
100 ## - MAIN ENTRY--PERSONAL NAME
Personal name Lankshear, David W.
9 (RLIN) 10719
245 ## - TITLE STATEMENT
Title A Shared Vision
Remainder of title education in church schools
Statement of responsibility, etc david W. Lankshear
260 ## - PUBLICATION, DISTRIBUTION, ETC. (IMPRINT)
Place of publication, distribution, etc England
Name of publisher, distributor, etc The National Society and Church House Publishing
Date of publication, distribution, etc 1992
300 ## - PHYSICAL DESCRIPTION
Extent 116p. ;
Dimensions 22cm.
650 ## - SUBJECT ADDED ENTRY--TOPICAL TERM
Topical term or geographic name as entry element Christian education
9 (RLIN) 10720
942 ## - ADDED ENTRY ELEMENTS (KOHA)
Source of classification or shelving scheme Library of Congress Classification
Item type Monograph ( Printed materials)
Holdings
Withdrawn status Lost status Source of classification or shelving scheme Damaged status Not for loan Collection code Home library Current library Shelving location Date acquired Total Checkouts Full call number Barcode Date last seen Price effective from Koha item type
    Library of Congress Classification     Main Collection ARRUPE LIBRARY ARRUPE LIBRARY Main Collection 06/06/2014   LC368.L289 46500000620 28/06/2018 06/06/2014 Monograph ( Printed materials)

 

Arrupe Library. PO Box MP320 Mt Pleasant, Harare, Zimbabwe
263 242 745411|librarian@aju.ac.zw